| 000 | 01249nam a22002535i 4500 | ||
|---|---|---|---|
| 001 | 166511 | ||
| 003 | ES-MaACL | ||
| 005 | 20260204135207.0 | ||
| 008 | 050914s1903 sp ab | |||||||| ||spa d | ||
| 080 | _a910"19" | ||
| 100 | 1 |
_aTorres Campos, Rafael, _d1853-1904 _9110935 |
|
| 245 | 1 | 3 |
_aLa geografía en 1901 : _bmemoria sobre el progreso de los trabajos geográficos leída en la Junta general de la Sociedad Geográfica de Madrid el día 1º de julio de 1902 / _cpor el secretario general de la misma, Rafael Torres Campos. |
| 260 |
_aMadrid : _b[s.n.], _c1903 ( _fImp. del Cuerpo de Artillería) |
||
| 300 |
_a112 p., [2] h. pleg. de mapas ; _c23 cm. |
||
| 530 | _aDisponible en formato digital. | ||
| 594 | _aDatos tomados de la cub. | ||
| 599 | _aLas h. de mapas: "Densidad de población de las provincias y población de las capitales" y "Cultura de la población española" | ||
| 650 | 7 |
_aGeografía- _zEspaña _9166984 |
|
| 710 | 2 |
_aSociedad Geográfica de Madrid. _96775 |
|
| 852 |
_aES-MaACL _jC-1133(2) _z Encuadernación holandesa, conservando cubierta original _cSPAL |
||
| 856 | 4 |
_uhttp://bdh-rd.bne.es/viewer.vm?id=0000092340&page=1 _yBiblioteca Digital Hispánica |
|
| 942 | _2udc | ||
| 999 |
_c166511 _d166511 |
||